| 000 | 00000nam##2200000za#4500 |
| 001 | 9.640840 |
| 003 | CaOODSP |
| 005 | 20210624222852 |
| 007 | cr ||||||||||| |
| 008 | 150407|2008||||xxc|||||o f|0| 0 fre|d |
| 040 | |aCaOODSP|bfre |
| 043 | |an-cn--- |
| 086 | 1 |aE84-32/2008F-PDF |
| 110 | 1 |aCanada.|bDroits et Démocratie (Centre international des droits de la personne et du développement démocratique) |
| 245 | 13|aLa société civile et la réforme du secteur de la sécurité en Indonésie, 1998-2006 : |h[ressource électronique]|bun résumé du rapport sur l'efficacité des stratégies de plaidoyer des organisations de la société civile dans la réforme du secteur de la sécurité en Indonésie de 1998 à 2006 / |c[publié conjointement par] IDSPS Institute for Defense Security and Peace Studies. |
| 260 | |aMontréal - Québec : |bDroits et Démocratie (Centre international des droits de la personne et du développement démocratique) |cc2008. |
| 300 | |a32p. |
| 500 | |aL'ISBN (978-2-923539-30-0) de l'édition imprimée a été incorrectement copié dans la version PDF. |
| 590 | |a12-39-Supp|b2012-10-11 |
| 775 | 08|tCivil society and security sector reform in Indonesia - 1998-2006 : |w(CaOODSP)9.696732 |
| 856 | 40|ahttp://publications.gc.ca|qPDF|s469 Ko|uhttps://publications.gc.ca/collections/collection_2012/dd-rd/E84-32-2008-fra.pdf |